000 00510nam a2200193Ia 4500
008 151121s9999||||xx |||||||||||||| ||und||
082 _a920/WIL
082 _bHNW-50973
100 _aWilliams Harley
245 _aDon Quixote Of The Microscope
260 _b"The Scientific Book Club, London।"
260 _c--
300 _a255
600 _aWilliams Harley
630 _aDon Quixote Of The Microscope
700 _aWilliams Harley
730 _aDon Quixote Of The Microscope
942 _cBOOK
999 _c1235458
_d1235455